000 01930cam a22004814i 4500
003 PE-LiUPU
005 20250731173431.0
008 150706s r 000 0 d
020 _a9788482674377
035 _a(Sirsi) i9788482674377
040 _aPE-LiUPU
_bspa
_cPE-LiUPU
_erda
049 _aPRUA
082 0 4 _a248.85
_bM77
_221
100 1 _aMontilla, R. Esteban,
_eautor.
245 1 0 _aViviendo la tercera edad :
_bun modelo integral de consejería para el buen envejecimiento /
_cR. Esteban Montilla.
264 1 _aBarcelona :
_bCLIE,
_c2004.
300 _a172 páginas ;
_c21 cm.
336 _atext
_2rdacontent
337 _aunmediated
_2rdamedia
338 _avolume
_2rdacarrier
490 0 _aSociedad y cristianismo ;
_v3
505 0 _aEl envejecimiento y la vejez en el contexto Judeo-cristiano -- Aspectos Biosicosociales de la vejez y el envejecimiento -- Por qué se me olvidan las cosas -- Aspectos emocionales del envejecimiento -- Enfrentando las pérdidas -- Principios prácticos para una salud integral -- Envejeciendo en comunidad.
526 _aSEG42
526 _aSEG41
526 _aSEG40
526 _aSEG39
526 _aP94
526 _aP87
526 _aP86
526 _aP85
526 _aP77
526 _aP76
526 _aP35
541 _g001-0000631;
650 0 4 _aEnvejecimiento
_xAspectos relilgiosos.
650 0 4 _aVejez
_xAspectos religiosos.
910 _agl
_clch
_d20130808
942 _2ddc
_cBOOK
949 _a248.85 M77
_wDEWEY
_c1
_i67908
_lCCODEBUL1
_mBUL
_p13.00
_r0
_sY
_tBOOK
_u2015-7-6
_xTEOLOGIA
_PP35
_o.STAFF. Colección General
994 _aC0
_bPEPRU
596 _a1
999 _a248.85 M77
_wDEWEY
_c55418
_i67908
_d55418
_e2018-8-23
_f2021-11-10
_g5
_lCCODEBUL1
_mBUL
_n1
_p13.00
_r0
_sY
_tBOOK
_u2015-7-6
_xTEOLOGIA
_PP35
_0COMPRA
_o.STAFF. Colección General
980 _81
_gALBERTO SANCHEZ Responsable de Automatización